Strzelcy bramek w 26 kolejce Bundesligi w sezonie 2020/21. - Statystyki

Ogólne statystyki
  • Ten quiz został rozwiązany 11 razy
  • Średni wynik to 10 z 30
Statystyki odpowiedzi
Mecz Piłkarz % Poprawnych
Bayern - Stuttgart 1:0 Lewandowski
91%
Bayern - Stuttgart 3:0 Lewandowski
91%
Bayern - Stuttgart 4:0 Lewandowski
91%
Bayern - Stuttgart 2:0 Gnabry
73%
Koln - Dortmund 0:1 Haaland
73%
Koln - Dortmund 2:2 Haaland
73%
Frankfurt - Union Berlin 1:0 Silva
45%
Frankfurt - Union Berlin 4:1 Silva
45%
Frankfurt - Union Berlin 3:1 Kostic
36%
Bielefeld - RB Lipsk 0:1 Sabitzer
36%
Schalke - Monchengladbach 0:1 Stindl
36%
Werder Brema - Wolfsburg 0:2 Weghorst
36%
Hertha - Leverkusen 3:0 Cordoba
27%
Koln - Dortmund 1:1 Duda
27%
Frankfurt - Union Berlin 1:1 Kruse
27%
Frankfurt - Union Berlin 4:2 Kruse
27%
Werder Brema - Wolfsburg 0:1 (Bramka Samobójcza) Sargent
27%
Hertha - Leverkusen 2:0 Cunha
18%
Freiburg - Augsburg 1:0 Sallai
18%
Frankfurt - Union Berlin 2:1 (Bramka Samobójcza) Andrich
9%
Hoffenheim - Mainz 1:1 Bebou
9%
Frankfurt - Union Berlin 5:2 Chandler
9%
Schalke - Monchengladbach 0:3 Elvedi
9%
Koln - Dortmund 2:1 Jakobs
9%
Schalke - Monchengladbach 0:2 Lainer
9%
Freiburg - Augsburg 2:0 Lienhart
9%
Werder Brema - Wolfsburg 1:2 Mohwald
9%
Hertha - Leverkusen 1:0 Zeefuik
9%
Hoffenheim - Mainz 0:1 Glatzel
0%
Hoffenheim - Mainz 1:2 Kohr
0%
Nie znaleziono quizów pasujących do podanych kryteriów
Rozkład punktacji
Procent ludzi z każdym wynikiem
Percentyl według liczby udzielonych odpowiedzi
Twoja historia wyników
Nie rozwiązałeś tego quizu